<?xml version="1.0" encoding="UTF-8"?>
<collection xmlns="http://www.loc.gov/MARC21/slim">
 <record>
  <leader>02716nam a22003377a 4500</leader>
  <controlfield tag="001">NCT_35361</controlfield>
  <controlfield tag="008">180515b        xxu||||| |||| 00| 0 vie d</controlfield>
  <datafield tag="999" ind1=" " ind2=" ">
   <subfield code="c">1707</subfield>
   <subfield code="d">1707</subfield>
  </datafield>
  <datafield tag="020" ind1=" " ind2=" ">
   <subfield code="c">75000</subfield>
  </datafield>
  <datafield tag="082" ind1="0" ind2="4">
   <subfield code="2">23rd ed.</subfield>
   <subfield code="a">617.0</subfield>
   <subfield code="b">H513</subfield>
  </datafield>
  <datafield tag="245" ind1="0" ind2="0">
   <subfield code="a">Điều dưỡng ngoại khoa</subfield>
   <subfield code="b">: Tài liệu giảng dạy thí điểm điều dưỡng trung học</subfield>
   <subfield code="c">Vương Hùng, Trần Thị Thuận (biên soạn)</subfield>
  </datafield>
  <datafield tag="250" ind1=" " ind2=" ">
   <subfield code="a">Tái bản lần thứ 5</subfield>
  </datafield>
  <datafield tag="260" ind1=" " ind2=" ">
   <subfield code="a">H.</subfield>
   <subfield code="b">Y học</subfield>
   <subfield code="c">2011</subfield>
  </datafield>
  <datafield tag="300" ind1=" " ind2=" ">
   <subfield code="a">324 tr.</subfield>
   <subfield code="b">Hình vẽ</subfield>
   <subfield code="c">27cm</subfield>
  </datafield>
  <datafield tag="500" ind1=" " ind2=" ">
   <subfield code="a">ĐTTS ghi: Bộ Y tế</subfield>
  </datafield>
  <datafield tag="520" ind1="3" ind2=" ">
   <subfield code="a">Sách gồm những nội dung sau: 1-     Điều dưỡng nội khoa. 2-     Điều dưỡng ngoại khoa. 3-     Điều dưỡng truyền nhiễm, thần kinh tâm thần. 4-     Điều dưỡng nhi khoa. 5-     Điều dưỡng sản phụ khoa. 6-     Điều dưỡng cơ bản. 7-     Quản lý điều dưỡng.</subfield>
  </datafield>
  <datafield tag="653" ind1=" " ind2=" ">
   <subfield code="a">Dược học</subfield>
  </datafield>
  <datafield tag="700" ind1="1" ind2=" ">
   <subfield code="a">Vương Hùng</subfield>
   <subfield code="e">Biên soạn</subfield>
  </datafield>
  <datafield tag="700" ind1="1" ind2=" ">
   <subfield code="a">Trần Thị Thuân</subfield>
   <subfield code="e">Biên soạn</subfield>
  </datafield>
  <datafield tag="942" ind1=" " ind2=" ">
   <subfield code="2">ddc</subfield>
   <subfield code="c">BK</subfield>
  </datafield>
  <datafield tag="952" ind1=" " ind2=" ">
   <subfield code="0">0</subfield>
   <subfield code="1">0</subfield>
   <subfield code="2">ddc</subfield>
   <subfield code="4">0</subfield>
   <subfield code="6">617_000000000000000_H513</subfield>
   <subfield code="7">0</subfield>
   <subfield code="9">8154</subfield>
   <subfield code="a">000001</subfield>
   <subfield code="b">000001</subfield>
   <subfield code="d">2018-05-15</subfield>
   <subfield code="o">617.0 H513</subfield>
   <subfield code="p">MD.10378</subfield>
   <subfield code="r">2018-05-15</subfield>
   <subfield code="v">75000.00</subfield>
   <subfield code="w">2018-05-15</subfield>
   <subfield code="y">BK</subfield>
  </datafield>
  <datafield tag="952" ind1=" " ind2=" ">
   <subfield code="0">0</subfield>
   <subfield code="1">0</subfield>
   <subfield code="2">ddc</subfield>
   <subfield code="4">0</subfield>
   <subfield code="6">617_000000000000000_H513</subfield>
   <subfield code="7">0</subfield>
   <subfield code="9">8155</subfield>
   <subfield code="a">000001</subfield>
   <subfield code="b">000001</subfield>
   <subfield code="d">2018-05-15</subfield>
   <subfield code="o">617.0 H513</subfield>
   <subfield code="p">MD.10379</subfield>
   <subfield code="r">2018-05-15</subfield>
   <subfield code="v">75000.00</subfield>
   <subfield code="w">2018-05-15</subfield>
   <subfield code="y">BK</subfield>
  </datafield>
  <datafield tag="952" ind1=" " ind2=" ">
   <subfield code="0">0</subfield>
   <subfield code="1">0</subfield>
   <subfield code="2">ddc</subfield>
   <subfield code="4">0</subfield>
   <subfield code="6">617_000000000000000_H513</subfield>
   <subfield code="7">0</subfield>
   <subfield code="9">8156</subfield>
   <subfield code="a">000001</subfield>
   <subfield code="b">000001</subfield>
   <subfield code="d">2018-05-15</subfield>
   <subfield code="o">617.0 H513</subfield>
   <subfield code="p">MD.10380</subfield>
   <subfield code="r">2018-05-15</subfield>
   <subfield code="v">75000.00</subfield>
   <subfield code="w">2018-05-15</subfield>
   <subfield code="y">BK</subfield>
  </datafield>
  <datafield tag="952" ind1=" " ind2=" ">
   <subfield code="0">0</subfield>
   <subfield code="1">0</subfield>
   <subfield code="2">ddc</subfield>
   <subfield code="4">0</subfield>
   <subfield code="6">617_000000000000000_H513</subfield>
   <subfield code="7">0</subfield>
   <subfield code="9">8157</subfield>
   <subfield code="a">000001</subfield>
   <subfield code="b">000001</subfield>
   <subfield code="d">2018-05-15</subfield>
   <subfield code="o">617.0 H513</subfield>
   <subfield code="p">MD.10381</subfield>
   <subfield code="r">2018-05-15</subfield>
   <subfield code="v">75000.00</subfield>
   <subfield code="w">2018-05-15</subfield>
   <subfield code="y">BK</subfield>
  </datafield>
  <datafield tag="952" ind1=" " ind2=" ">
   <subfield code="0">0</subfield>
   <subfield code="1">0</subfield>
   <subfield code="2">ddc</subfield>
   <subfield code="4">0</subfield>
   <subfield code="6">617_000000000000000_H513</subfield>
   <subfield code="7">0</subfield>
   <subfield code="9">8158</subfield>
   <subfield code="a">000001</subfield>
   <subfield code="b">000001</subfield>
   <subfield code="d">2018-05-15</subfield>
   <subfield code="o">617.0 H513</subfield>
   <subfield code="p">MD.10382</subfield>
   <subfield code="r">2018-05-15</subfield>
   <subfield code="v">75000.00</subfield>
   <subfield code="w">2018-05-15</subfield>
   <subfield code="y">BK</subfield>
  </datafield>
  <datafield tag="952" ind1=" " ind2=" ">
   <subfield code="0">0</subfield>
   <subfield code="1">0</subfield>
   <subfield code="2">ddc</subfield>
   <subfield code="4">0</subfield>
   <subfield code="6">617_000000000000000_H513</subfield>
   <subfield code="7">0</subfield>
   <subfield code="9">15579</subfield>
   <subfield code="a">000001</subfield>
   <subfield code="b">000001</subfield>
   <subfield code="d">2019-02-18</subfield>
   <subfield code="o">617.0 H513</subfield>
   <subfield code="p">MD.14301</subfield>
   <subfield code="r">2019-02-18</subfield>
   <subfield code="v">75000.00</subfield>
   <subfield code="w">2019-02-18</subfield>
   <subfield code="y">BK</subfield>
  </datafield>
  <datafield tag="952" ind1=" " ind2=" ">
   <subfield code="0">0</subfield>
   <subfield code="1">0</subfield>
   <subfield code="2">ddc</subfield>
   <subfield code="4">0</subfield>
   <subfield code="6">617_000000000000000_H513</subfield>
   <subfield code="7">0</subfield>
   <subfield code="9">15580</subfield>
   <subfield code="a">000001</subfield>
   <subfield code="b">000001</subfield>
   <subfield code="d">2019-02-18</subfield>
   <subfield code="l">1</subfield>
   <subfield code="o">617.0 H513</subfield>
   <subfield code="p">MD.14302</subfield>
   <subfield code="r">2021-01-06</subfield>
   <subfield code="s">2020-12-10</subfield>
   <subfield code="v">75000.00</subfield>
   <subfield code="w">2019-02-18</subfield>
   <subfield code="y">BK</subfield>
  </datafield>
  <datafield tag="952" ind1=" " ind2=" ">
   <subfield code="0">0</subfield>
   <subfield code="1">0</subfield>
   <subfield code="2">ddc</subfield>
   <subfield code="4">0</subfield>
   <subfield code="6">617_000000000000000_H513</subfield>
   <subfield code="7">0</subfield>
   <subfield code="9">15581</subfield>
   <subfield code="a">000001</subfield>
   <subfield code="b">000001</subfield>
   <subfield code="d">2019-02-18</subfield>
   <subfield code="o">617.0 H513</subfield>
   <subfield code="p">MD.14303</subfield>
   <subfield code="r">2019-02-18</subfield>
   <subfield code="v">75000.00</subfield>
   <subfield code="w">2019-02-18</subfield>
   <subfield code="y">BK</subfield>
  </datafield>
  <datafield tag="952" ind1=" " ind2=" ">
   <subfield code="0">0</subfield>
   <subfield code="1">0</subfield>
   <subfield code="2">ddc</subfield>
   <subfield code="4">0</subfield>
   <subfield code="6">617_000000000000000_H513</subfield>
   <subfield code="7">0</subfield>
   <subfield code="9">15582</subfield>
   <subfield code="a">000001</subfield>
   <subfield code="b">000001</subfield>
   <subfield code="d">2019-02-18</subfield>
   <subfield code="o">617.0 H513</subfield>
   <subfield code="p">MD.14304</subfield>
   <subfield code="r">2019-02-18</subfield>
   <subfield code="v">75000.00</subfield>
   <subfield code="w">2019-02-18</subfield>
   <subfield code="y">BK</subfield>
  </datafield>
  <datafield tag="952" ind1=" " ind2=" ">
   <subfield code="0">0</subfield>
   <subfield code="1">0</subfield>
   <subfield code="2">ddc</subfield>
   <subfield code="4">0</subfield>
   <subfield code="6">617_000000000000000_H513</subfield>
   <subfield code="7">0</subfield>
   <subfield code="9">15583</subfield>
   <subfield code="a">000001</subfield>
   <subfield code="b">000001</subfield>
   <subfield code="d">2019-02-18</subfield>
   <subfield code="o">617.0 H513</subfield>
   <subfield code="p">MD.14305</subfield>
   <subfield code="r">2019-02-18</subfield>
   <subfield code="v">75000.00</subfield>
   <subfield code="w">2019-02-18</subfield>
   <subfield code="y">BK</subfield>
  </datafield>
  <datafield tag="980" ind1=" " ind2=" ">
   <subfield code="a">Thư viện Trường Đại học Nam Cần Thơ</subfield>
  </datafield>
 </record>
</collection>
